Les candidats ayant fait plus de 5% aux élections présidentielles (depuis 1965) - Statistiques

Statistiques générales
  • Ce quiz a été pris 430 fois
  • Le résultat moyen est 32 sur 41
Statistiques - réponses
Année Parti ou mouvement Score (1er tour) Candidat % Correct
2002 Front national 16,86% Jean-Marie Le Pen
99%
1995 Front national 15,00% Jean-Marie Le Pen
99%
1988 Front national 14,38% Jean-Marie Le Pen
99%
2007 Front national 10,44% Jean-Marie Le Pen
99%
2012 Front national 17,90% Marine Le Pen
99%
1995 Rassemblement pour la République 20,84% Jacques Chirac
96%
1988 Rassemblement pour la République 19,96% Jacques Chirac
96%
2002 Rassemblement pour la République 19,88% Jacques Chirac
96%
1981 Rassemblement pour la République 18,00% Jacques Chirac
96%
2012 Parti socialiste 28,63% François Hollande
95%
1965 Union pour la nouvelle République 44,65% Charles de Gaulle
94%
1995 Parti socialiste 23,30% Lionel Jospin
94%
2002 Parti socialiste 16,18% Lionel Jospin
94%
2007 Union pour un mouvement populaire 31,18% Nicolas Sarkozy
94%
2012 Union pour un mouvement populaire 27,18% Nicolas Sarkozy
94%
2007 Parti socialiste 25,87% Ségolène Royal
92%
1974 Républicains indépendants 32,60% Valéry Giscard d'Estaing
91%
1981 Union pour la démocratie française 28,32% Valéry Giscard d'Estaing
91%
1969 Union des démocrates pour la République 44,47% Georges Pompidou
90%
2007 Union pour la démocratie française 18,57% François Bayrou
88%
2012 Mouvement démocrate 9,13% François Bayrou
88%
2002 Union pour la démocratie française 6,84% François Bayrou
88%
1974 Parti socialiste 43,25% François Mitterrand
88%
1988 Parti socialiste 34,11% François Mitterrand
88%
1965 Convention des institutions républicaines 31,72% François Mitterrand
88%
1981 Parti socialiste 25,85% François Mitterrand
88%
2012 Front de gauche 11,10% Jean-Luc Mélenchon
79%
2002 Lutte ouvrière 5,72% Arlette Laguiller
70%
1995 Union pour la démocratie française 18,58% Edouard Balladur
70%
1981 Parti communiste français 15,35% Georges Marchais
70%
1995 Parti communiste français 8,64% Robert Hue
66%
1969 Centre démocrate 23,31% Alain Poher
55%
2002 Les Verts 5,25% Noël Mamère
52%
1974 Union des démocrates pour la République 15,11% Jacques Chaban-Delmas
49%
1988 Union pour la démocratie française 16,54% Raymond Barre
48%
2002 Mouvement des citoyens 5,33% Jean-Pierre Chevènement
45%
1965 Mouvement républicain populaire 15,57% Jean Lecanuet
29%
1969 Section française de l'Internationale ouvrière 5,01% Gaston Defferre
27%
1965 Sans étiquette (extrême-droite) 5,20% Jean-Louis Tixier-Vignancour
26%
1969 Parti communiste français 21,27% Jacques Duclos
25%
1988 Parti communiste français 6;76% André Lajoinie
23%
Aucun quiz correspondant
Distribution des résultats
% des personnes avec chaque résultat
Percentile par nombre de réponses
Votre historique - résultats
Vous n’avez pas pris ce quiz